00613nam a2200193Ia 4500008004100000020001800041082001500059100002100074245002900095250000800124260004200132300002900174500001900203600002000222650002000242942000700262952013300269999001700402240925s9999 xx 000 0 und d a9780230394445 a338.19 THI aThirlwall, A. P. 0aEconomics of Development a9th aNew York:bPalgrave Macmillanc,2011. axxii, 730p.b0fOriginal aIncludes Index aSocial Sciences aSocial Sciences cBK 001040708SSaUITUbUITUd2019-01-22eAllied Book Companyg1308.32l0o338.19 THIpQ14000r2024-09-25 07:17:06w2024-09-25yBK c16499d16499